000 00682nam a22002417a 4500
001 31878
003 UA-OsUOA
005 20240530110530.0
007 ta
008 20050113b un ||||| |||| 00| 0 ukr d
040 _aUA-OsUOA
_brus
_cUA-OsUOA
_dUA-OsUOA
041 _arus
044 _aRU
080 _a94(477)02
090 _a94(477)02
_bП42
245 _aПовесть временных лет
_bприложения
_cред. В. П. Адрианова-Перетц
246 3 1 _aЧ. 2
260 _aМосква
_bИздательство академии наук
_c1950
300 _a554 с.
_bІлюстрації
650 7 _2UDC
942 _cBK
_2udc
955 _a0
999 _c318313
_d318313